| 000 | 00860nam a2200241Ia 4500 | ||
|---|---|---|---|
| 003 | GCL | ||
| 008 | 140319s9999 xx 000 0 ara d | ||
| 020 | _a079810977 | ||
| 040 |
_aGCL / _cGCL |
||
| 082 | 0 | 4 |
_a796 _bم ق |
| 100 | 1 | _aمحمد صبحى حسانين | |
| 245 | 1 | 0 |
_aالقياس والتقويم فى التربية البدنية والرياضة / _cمحمد صبحى حسانين |
| 250 | _aالسادسة | ||
| 260 |
_aالقاهرة : _bدار الفكر العربى ، _c2004 |
||
| 300 |
_a2 مج ؛ _c28 سم |
||
| 650 | 0 | 4 | _aالتربية البدنية |
| 650 | 0 | 4 | _aالتمرينات الرياضية |
| 650 | 0 | 4 | _aالعضلات |
| 650 | 0 | 4 | _aاللياقة البدنية |
| 650 | 0 | 4 | _aالتربية البدنية - طرق تدريس |
| 650 | 0 | 4 | _aمناطق التوازن فى جسم الانسان |
| 942 |
_2ddc _cBK |
||
| 999 |
_c9646 _d9646 |
||